Životné prostredie a investície

Gespeichert in:
Bibliographische Detailangaben
1. Verfasser: Vybíralová, Júlia
Körperschaft: Ekonomická univerzita v Bratislave. Fakulta podnikového manažmentu
Weitere Verfasser: Füzyová, Ľubica
Format: Buch
Sprache:Slowakisch
Veröffentlicht: Bratislava Vydavateľstvo Ekonóm 2000
Schlagworte:
Tags: Tag hinzufügen
Keine Tags, Fügen Sie das erste Tag hinzu!

MARC

LEADER 00000nam a2200000 4500
001 c117413
005 20221123133810.3
020 |a 80-225-1195-1 
041 0 |a slo 
044 |a SK 
245 1 0 |a Životné prostredie a investície  |c Júlia Vybíralová, Ľuba Füzyová 
264 1 |a Bratislava  |b Vydavateľstvo Ekonóm  |c 2000 
300 |a 185 s. 
610 2 0 |a prostredie životné 
610 2 0 |a investície 
610 2 0 |a politika environmentálna 
610 2 0 |a nástroje ekonomické 
610 2 0 |a dane 
610 2 0 |a poplatky 
610 2 0 |a odpadky 
610 2 0 |a odpad 
610 2 0 |a pôda 
610 2 0 |a pôda poľnohospodárska 
610 2 0 |a zdroje prírodné 
610 2 0 |a ekológia 
100 1 |a Vybíralová, Júlia 
700 1 |a Füzyová, Ľubica 
710 2 |a Ekonomická univerzita v Bratislave. Fakulta podnikového manažmentu